Top 15 des pays avec les décès de Covid-19 - 30 mars 2022 - Statistiques

Statistiques générales
  • Ce quiz a été pris 132 fois
  • Le résultat moyen est 11 sur 27
Statistiques - réponses
pays % Correct
France
99%
États-Unis
95%
Russie
85%
Allemagne
84%
Brésil
80%
Inde
80%
Italie
80%
Royaume-Uni
79%
Mexique
70%
Argentine
63%
Colombie
49%
Pologne
44%
Iran
37%
Pérou
37%
Indonésie
33%
Hongrie
21%
Roumanie
20%
Croatie
18%
Tchèquie
15%
Slovaquie
14%
Slovénie
12%
Bosnie-Herzégovine
9%
Bulgarie
9%
Macédoine du Nord
9%
Lettonie
3%
Lituanie
3%
Géorgie
1%
Aucun quiz correspondant
Distribution des résultats
% des personnes avec chaque résultat
Percentile par nombre de réponses
Votre historique - résultats
Vous n’avez pas pris ce quiz